| 000 | 00484nam a2200193Ia 4500 | ||
|---|---|---|---|
| 003 | OSt | ||
| 005 | 20240810110726.0 | ||
| 008 | 210210b1988 xxu||||| |||| 00| 0 eng d | ||
| 040 | _cAL | ||
| 082 | _a531.322 SHAW | ||
| 100 |
_aSHANKARA NARAYANA (S R). _9176345 |
||
| 245 | _aWaves and oscillations. | ||
| 260 |
_aN D _bSultan Chand & Sons _c1988 |
||
| 300 | _avii,569-752 | ||
| 650 |
_aOscillations Waves _9176346 |
||
| 690 |
_aSound _9176347 |
||
| 906 | _a042665 | ||
| 942 |
_2ddc _cBK |
||
| 999 |
_c92474 _d92474 |
||